000
00314nam a2200121Ia 4500
005
20251222144856.0
008
251222s9999||||xx |||||||||||||| ||spa||
082
_a
339/B81/1979
100
_a
Branson, William
245
0
_a
Teoría y Política Macroeconómica
264
_b
Fondo de Cultura Econymica
942
_c
LIB
999
_c
21784
_d
21784